000 004590000a22001810004500
041 0 _aENG
082 0 4 _aG 261.8 W223c
100 1 _aWalsh, Chad
245 1 0 _aCampus gods on trial : Chad Walsh
250 _aRevised and enlarged edition
260 _aNew york, N.Y., USA : MacMillan
300 _a154 Pag
001 6951
942 _cBK
999 _c37194
_d37194
336 _atexto
_btxt
_2rdacontent
337 _2rdamedia
_asin mediación
_bn
338 _2rdacarrier
_avolumen
_bnc